Statistics for spanish words top 100

Click here to take the quiz!

General Stats

  • This quiz has been taken 1,208 times
  • The average score is 46 of 81

Answer Stats

hintanswer% Correct
yes
91%
nuevonew
89%
hombreman
87%
irgo
86%
unoone
86%
dondewhere
84%
hablarspeak
83%
grandebig
82%
díaday
81%
nadanothing
80%
dostwo
80%
quéwhat
79%
siemprealways
78%
vidalife
78%
ellashe
78%
ahoranow
77%
conwith
77%
añoyear
77%
primerofirst
76%
pocolittle
74%
meme
72%
mimy
72%
nuestroour
70%
versee
70%
menosless
69%
tambiénalso
67%
partepart
66%
ato
66%
muchomuch
64%
tanso
64%
muyvery
64%
másmore
63%
cosathing
63%
yand
62%
cuandowhen
62%
despuésafter
61%
oor
61%
quererwant
61%
sinwithout
61%
tenerhave
60%
porquebecause
59%
creerbelieve
59%
perobut
59%
bienwell
57%
enin
56%
parafor
54%
otroother
54%
todoall
53%
hacerdo
53%
saberknow
53%
encontrarfind
52%
estethis
52%
mismosame
50%
dargive
49%
decirsay
49%
seguirfollow
47%
nosus
47%
siif
46%
veztime
46%
llegararrive
44%
pasarpass
44%
algunosome
43%
cadaeach
42%
dejarleave
42%
entoncesthen
42%
quethat
38%
hastauntil
38%
entrebetween
37%
podercan
34%
suhis
32%
nineither
31%
yaalready
30%
desdefrom
29%
comoas
27%
parecerseem
27%
debershould
24%
llevartake
24%
sobreover
15%
quedarremain
11%
ponerput on
9%
asílike that
7%

Score Distribution

Percentile by Number Answered

Percent of People with Each Score

Your Score History

You have not taken this quiz